000 00607nam a22001937a 4500
008 240219b ||||| |||| 00| 0 eng d
050 _aTHE HJ9733
_b.T87 2023
100 _aTure, Haro
245 _aRelationship between internal controls and management of public funds in Marsabit County, Kenya
260 _aLimuru, Kenya
_bSt. Paul's University
_c2023
300 _aXiii, 75p.;
_b30cm.
650 _aInternal Controls
650 _aManagement of public funds
650 _aInternal audit
650 _aRisk asssesment
700 _aKanini, Stephen
700 _aKungu, Daniel
942 _2lcc
_cTHES
999 _c59001
_d59001